Countries of the Association of Southeast Asian Nations (ASEAN) in 1 minute - Statistics

General Stats
  • This quiz has been taken 440 times
  • The average score is 9 of 10
Answer Stats
Hint Answer % Correct
Indonesia
97%
Thailand
96%
Singapore
95%
Vietnam
95%
Malaysia
94%
Cambodia
93%
Laos
93%
Burma (Myanmar)
89%
Brunei
83%
Philippines
80%
No matching quizzes found
Score Distribution
Percent of People with Each Score
Percentile by Number Answered
Your Score History
You have not taken this quiz